| 000 | 00843nam a2200241 i 4500 | ||
|---|---|---|---|
| 003 | IT-RoINE | ||
| 005 | 20140508154509.0 | ||
| 008 | 990104s1998 sp r o000 bspa d | ||
| 020 | _a8478467742 | ||
| 040 |
_aUSA.GHIS _dUPSA _cIT-RoINE |
||
| 100 | 1 |
_aPérez Pascual, José Ignacio _97435 |
|
| 245 | 1 | 0 |
_aRamón Menéndez Pidal : _bciencia y pasión / _cJosé Ignacio Pérez Pascual. |
| 260 |
_a[Valladolid] : _bJunta de Castilla y León, Consejería de Educación y Cultura, _c1998. |
||
| 300 |
_a398 p. : _bil. ; _c24 cm. |
||
| 336 |
_2rdacontent _atext |
||
| 337 |
_2rdamedia _aunmediated |
||
| 338 |
_2rdacarrier _avolume |
||
| 490 | 1 | 0 |
_aVillalar 98. _aSerie maior |
| 504 | _aBibliografía: p. [383]-398. | ||
| 600 | 1 | 4 |
_aMenéndez Pidal, Ramón, _96237 _d1869-1968 _xBiografía |
| 830 | 0 |
_96977 _aVillalar 98. _pSerie maior |
|
| 942 | _cMTS | ||
| 999 |
_c3612 _d3612 |
||